[Event "American Cup Blitz 2026"]
[Site "Saint Louis USA"]
[Date "2026.03.02"]
[Round "2.31"]
[White "Bilych, Oleksii"]
[Black "Caglar, Sila"]
[Result "1-0"]
[WhiteTitle "IM"]
[BlackTitle "WIM"]
[WhiteElo "2450"]
[BlackElo "2215"]
[WhiteFideId "14156504"]
[BlackFideId "6364063"]
[EventDate "2026.03.02"]

1. e4 c5 2. Nf3 g6 3. d4 cxd4 4. Nxd4 Bg7 5. c4 Nc6 6. Be3 Nf6 7. Nc3 O-O 8. Be2
d6 9. O-O Nxd4 10. Bxd4 Bd7 11. Qc2 a6 12. a4 Bc6 13. b4 b6 14. Kh1 Qc7 15. f4
Rfc8 16. Qd3 e5 17. fxe5 dxe5 18. Be3 b5 19. axb5 axb5 20. cxb5 Bb7 21. Rxa8
Rxa8 22. h3 Rd8 23. Qc4 Qxc4 24. Bxc4 Rc8 25. Bc5 Kh8 26. b6 Kg8 27. Nb5 Ba6 28.
Ra1 Bxb5 29. Bxb5 Nxe4 30. b7 1-0

[Event "American Cup Blitz 2026"]
[Site "Saint Louis USA"]
[Date "2026.03.02"]
[Round "2.32"]
[White "Rorrer, Grayson"]
[Black "Gueci, Tea"]
[Result "1-0"]
[WhiteTitle "IM"]
[BlackTitle "WIM"]
[WhiteElo "2415"]
[BlackElo "2138"]
[WhiteFideId "30944996"]
[BlackFideId "872342"]
[EventDate "2026.03.02"]

1. e4 c5 2. Nf3 Nc6 3. Bb5 d6 4. O-O Bd7 5. c3 Nf6 6. d4 Qb6 7. Na3 a6 8. Bxc6
Bxc6 9. d5 Bd7 10. Nc4 Qc7 11. Re1 Bg4 12. a4 g6 13. Bf4 Nh5 14. Bg5 h6 15. Bh4
Bg7 16. e5 O-O 17. exd6 exd6 18. Be7 Rfe8 19. Bxd6 Rxe1+ 20. Qxe1 Qd8 21. Be7
Qxd5 22. Nb6 Qc6 23. Nxa8 Bxf3 24. gxf3 Nf4 25. Qe4 Qc8 26. Qxf4 Qxa8 27. Bxc5 1-0

[Event "American Cup Blitz 2026"]
[Site "Saint Louis USA"]
[Date "2026.03.02"]
[Round "2.33"]
[White "Antova, Gabriela"]
[Black "Krush, Irina"]
[Result "0-1"]
[WhiteTitle "FM"]
[BlackTitle "GM"]
[WhiteElo "2168"]
[BlackElo "2402"]
[WhiteFideId "2915235"]
[BlackFideId "2012782"]
[EventDate "2026.03.02"]

1. Nf3 c5 2. g3 Nc6 3. Bg2 g6 4. c4 Bg7 5. O-O e6 6. d3 Nge7 7. e4 O-O 8. Nc3 d6
9. Be3 Nd4 10. Qd2 f5 11. Bh6 fxe4 12. Nxd4 cxd4 13. Nxe4 e5 14. Bxg7 Kxg7 15.
b4 Bf5 16. c5 Bxe4 17. Bxe4 d5 18. Bg2 Nf5 19. Rfe1 Re8 20. b5 Qd7 21. a4 Re6
22. Qa2 Rd8 23. Rac1 a6 24. bxa6 bxa6 25. h4 Qc6 26. Qb3 e4 27. Qb4 e3 28. Bh3
exf2+ 29. Kxf2 Rf6 30. Bxf5 Rxf5+ 31. Kg2 Qf6 32. Rf1 Re8 33. Rxf5 gxf5 34. Rc2
Re3 35. c6 Qe5 36. Qb7+ Kh6 0-1

[Event "American Cup Blitz 2026"]
[Site "Saint Louis USA"]
[Date "2026.03.02"]
[Round "3.1"]
[White "Mishra, Abhimanyu"]
[Black "Caruana, Fabiano"]
[Result "1-0"]
[WhiteTitle "GM"]
[BlackTitle "GM"]
[WhiteElo "2629"]
[BlackElo "2795"]
[WhiteFideId "30920019"]
[BlackFideId "2020009"]
[EventDate "2026.03.02"]

1. e4 c5 2. Nf3 e6 3. c3 d5 4. exd5 Qxd5 5. d4 Nf6 6. Na3 Nc6 7. Be3 cxd4 8. Nb5
Qd7 9. Nbxd4 a6 10. Bd3 Bd6 11. O-O Ne7 12. Bg5 O-O 13. Re1 Qc7 14. Qd2 Ng6 15.
Bxf6 gxf6 16. Qh6 Rd8 17. Rad1 Bf8 18. Qh5 Bg7 19. g3 Rd5 20. Qh3 Bd7 21. Be4
Rc5 22. Qf1 f5 23. Bc2 b5 24. a3 Qb7 25. Ng5 Ne5 26. f4 Ng4 27. h3 Nf6 28. Bb3
h6 29. Nxf7 Kxf7 30. Nxe6 Bxe6 31. Rxe6 Kg6 32. Rdd6 Rc7 33. Qd3 Rf8 34. Bc2
Qa7+ 35. Kg2 Kh7 36. Qxf5+ Kg8 37. Rxf6 Bxf6 38. Rxf6 Rxf6 39. Qxf6 Qb7+ 40. Kh2
Re7 41. Qg6+ Kf8 42. Qxh6+ Ke8 43. Qh8+ Kd7 44. Qd4+ Kc7 45. Bd1 Rd7 46. Qc5+
Kb8 47. Qf8+ Ka7 48. Qc5+ Kb8 49. Qe5+ Ka7 50. Qe3+ Kb8 51. Bf3 Qc7 52. h4 Qd8
53. Qe4 Rd2+ 54. Kh3 Qd7+ 55. f5 Ka7 56. Qe3+ Kb8 57. Qe5+ Ka7 58. h5 Rxb2 59.
Qd4+ Qxd4 60. cxd4 b4 61. axb4 Rxb4 62. g4 a5 63. h6 a4 64. h7 Rb8 65. g5 a3 66.
Bd5 Rd8 1-0

[Event "American Cup Blitz 2026"]
[Site "Saint Louis USA"]
[Date "2026.03.02"]
[Round "3.2"]
[White "So, Wesley"]
[Black "Quesada Perez, Yasser"]
[Result "1-0"]
[WhiteTitle "GM"]
[BlackTitle "GM"]
[WhiteElo "2753"]
[BlackElo "2562"]
[WhiteFideId "5202213"]
[BlackFideId "3509362"]
[EventDate "2026.03.02"]

1. e4 e5 2. Nc3 Nf6 3. d4 exd4 4. Qxd4 Nc6 5. Qd3 Bc5 6. Qg3 O-O 7. Bg5 Kh8 8.
O-O-O Be7 9. f4 h6 10. Bh4 Nxe4 11. Bxe7 Nxg3 12. Bxd8 Nxh1 13. Bh4 d6 14. Nf3
Bg4 15. Be2 Bxf3 16. Bxf3 Nb4 17. Bxb7 Rae8 18. Rxh1 c6 19. a3 Rb8 20. Be7 Rfe8
21. Bxd6 Rxb7 22. axb4 Rd7 23. Bc5 g5 24. fxg5 hxg5 25. h4 g4 26. Rd1 Rc7 27.
Bd6 Rb7 28. g3 Kg7 29. b3 Re3 30. Kb2 f6 31. Bf4 Re6 32. Rd4 Kg6 33. Rc4 Rd7 34.
Rc5 f5 35. h5+ Kf6 36. h6 Kg6 37. b5 cxb5 38. Rxb5 Rd4 39. Nd5 a6 40. Rc5 Rd1
41. Rc7 Rxd5 42. Rg7+ Kh5 43. h7 1-0

[Event "American Cup Blitz 2026"]
[Site "Saint Louis USA"]
[Date "2026.03.02"]
[Round "3.3"]
[White "Lodici, Lorenzo"]
[Black "Aronian, Levon"]
[Result "1-0"]
[WhiteTitle "GM"]
[BlackTitle "GM"]
[WhiteElo "2590"]
[BlackElo "2729"]
[WhiteFideId "884189"]
[BlackFideId "13300474"]
[EventDate "2026.03.02"]

1. e4 c5 2. Nf3 Nc6 3. d4 cxd4 4. Nxd4 e6 5. Nb5 d6 6. c4 Nf6 7. N1c3 a6 8. Nd4
Bd7 9. Be3 Qa5 10. Nb3 Qh5 11. f3 Qg6 12. g4 Rc8 13. h4 h6 14. Be2 Be7 15. Kf2
Ne5 16. h5 Qh7 17. Na5 Bc6 18. Rc1 O-O 19. b4 Bd8 20. Qxd6 Bc7 21. Qd1 Rfd8 22.
Qc2 Nexg4+ 23. fxg4 Nxe4+ 24. Kg1 Nxc3 25. Qxh7+ Kxh7 26. Rxc3 Bxh1 27. Kxh1 Be5
28. Rd3 b5 29. cxb5 axb5 30. Rxd8 Rxd8 31. Nc6 Rd5 32. Bf3 1-0

[Event "American Cup Blitz 2026"]
[Site "Saint Louis USA"]
[Date "2026.03.02"]
[Round "3.4"]
[White "Pranav, V"]
[Black "Kevlishvili, Robby"]
[Result "1-0"]
[WhiteTitle "GM"]
[BlackTitle "GM"]
[WhiteElo "2641"]
[BlackElo "2527"]
[WhiteFideId "25060783"]
[BlackFideId "1040634"]
[EventDate "2026.03.02"]

1. e4 e5 2. Nf3 Nc6 3. Bb5 a6 4. Ba4 Nf6 5. O-O Be7 6. d3 d6 7. c4 O-O 8. h3 Bd7
9. Be3 Re8 10. Nc3 h6 11. a3 Bf8 12. Re1 Ne7 13. Bxd7 Nxd7 14. b4 c6 15. a4 Ng6
16. Rb1 Nf6 17. d4 exd4 18. Bxd4 Ne5 19. c5 Nxf3+ 20. Qxf3 dxc5 21. Bxc5 Bxc5
22. bxc5 Qc7 23. Red1 Re5 24. Qe3 Rae8 25. f3 Nd5 26. Qd2 Nxc3 27. Qxc3 Qe7 28.
Rd6 Qg5 29. Rxb7 Rxc5 30. Qd2 Rc1+ 31. Kh2 Qe5+ 32. f4 Qc5 33. Qd4 Qa5 34. Rg6
f6 1-0

[Event "American Cup Blitz 2026"]
[Site "Saint Louis USA"]
[Date "2026.03.02"]
[Round "3.5"]
[White "Gazik, Viktor"]
[Black "Woodward, Andy"]
[Result "1-0"]
[WhiteTitle "GM"]
[BlackTitle "GM"]
[WhiteElo "2537"]
[BlackElo "2608"]
[WhiteFideId "14928752"]
[BlackFideId "30953499"]
[EventDate "2026.03.02"]

1. e4 c5 2. Nc3 d6 3. Nf3 Nf6 4. e5 dxe5 5. Nxe5 a6 6. g3 Qd6 7. Nf3 Nc6 8. Bg2
Qe6+ 9. Ne2 g6 10. O-O Bg7 11. d4 cxd4 12. Nexd4 Nxd4 13. Nxd4 Qb6 14. Re1 O-O
15. Rxe7 Bg4 16. Qd3 Rad8 17. c3 Nd5 18. Re1 Nb4 19. Qc4 Bxd4 20. cxd4 Rxd4 21.
Qc3 Rc8 22. Bh6 Qd8 23. Re8+ 1-0

[Event "American Cup Blitz 2026"]
[Site "Saint Louis USA"]
[Date "2026.03.02"]
[Round "3.6"]
[White "Dominguez Perez, Leinier"]
[Black "Akobian, Varuzhan"]
[Result "1-0"]
[WhiteTitle "GM"]
[BlackTitle "GM"]
[WhiteElo "2738"]
[BlackElo "2549"]
[WhiteFideId "3503240"]
[BlackFideId "13300580"]
[EventDate "2026.03.02"]

1. e4 e6 2. d4 d5 3. Nc3 Nf6 4. e5 Nfd7 5. f4 c5 6. Nf3 Nc6 7. Be3 Qb6 8. Na4
Qa5+ 9. c3 c4 10. b4 Qc7 11. Be2 Be7 12. O-O O-O 13. Qd2 b5 14. Nc5 a5 15. a3
Nxc5 16. dxc5 Bd7 17. Nd4 Nxd4 18. Bxd4 axb4 19. axb4 Rxa1 20. Rxa1 Bc6 21. Rf1
Ra8 22. Qe1 Ra2 23. Bg4 g6 24. Qg3 Bd7 25. h4 Bf8 26. h5 Bg7 27. Qh4 Qc8 28. Rf3
Ra8 29. hxg6 hxg6 30. c6 Bxc6 31. Rh3 Kf8 32. Bc5+ Ke8 33. Qe7# 1-0

[Event "American Cup Blitz 2026"]
[Site "Saint Louis USA"]
[Date "2026.03.02"]
[Round "3.7"]
[White "Matviishen, Viktor"]
[Black "Bok, Benjamin"]
[Result "0-1"]
[WhiteTitle "GM"]
[BlackTitle "GM"]
[WhiteElo "2533"]
[BlackElo "2592"]
[WhiteFideId "14129850"]
[BlackFideId "1017063"]
[EventDate "2026.03.02"]

1. d4 Nf6 2. c4 e6 3. Nc3 Bb4 4. e3 O-O 5. Bd3 d5 6. Nf3 b6 7. O-O Bb7 8. cxd5
exd5 9. Ne5 Re8 10. Bd2 Bf8 11. f4 c5 12. Be1 Nc6 13. Bh4 cxd4 14. exd4 Nxd4 15.
Kh1 Ne6 16. Bb5 d4 17. Bxe8 Qxe8 18. Bxf6 dxc3 19. Bh4 cxb2 20. Rb1 Nxf4 21.
Rxf4 Qxe5 22. Rf2 Qe4 23. Bg3 Rd8 24. Qf1 Ba6 25. Qg1 Bc5 26. Rbxb2 Bxf2 27.
Rxf2 h6 28. h3 Bb7 29. Kh2 Rd3 30. Qc1 Qc6 31. Qf4 Qd5 32. Qb8+ Kh7 33. Qf4 f6
34. Qc7 Bc6 35. Bf4 b5 36. Qxa7 Rd4 37. Qc7 Rc4 38. Qb8 b4 39. Bg3 Rd4 40. Qc7
Rd3 41. Qb8 Rd2 42. Qf4 Qxg2+ 43. Rxg2 Rxg2+ 44. Kh1 Rxg3+ 0-1

[Event "American Cup Blitz 2026"]
[Site "Saint Louis USA"]
[Date "2026.03.02"]
[Round "3.8"]
[White "Aryan, Chopra"]
[Black "Kadric, Denis"]
[Result "0-1"]
[WhiteTitle "GM"]
[BlackTitle "GM"]
[WhiteElo "2631"]
[BlackElo "2540"]
[WhiteFideId "5084423"]
[BlackFideId "14403803"]
[EventDate "2026.03.02"]

1. d4 d6 2. Nf3 Nf6 3. Bf4 Nbd7 4. h3 b6 5. e3 Bb7 6. Nbd2 g6 7. Bh2 Bg7 8. Bd3
O-O 9. O-O Nh5 10. e4 e5 11. c3 Qf6 12. Re1 Nf4 13. Bf1 Rfe8 14. Qc2 Rad8 15.
Rad1 h6 16. a4 a6 17. b4 g5 18. a5 b5 19. dxe5 Nxe5 20. Nd4 g4 21. Bxf4 Qxf4 22.
g3 Qf6 23. Nf5 Bh8 24. hxg4 Nxg4 25. Be2 Nxf2 26. Kxf2 Bxe4 27. Nxe4 Qxf5+ 28.
Bf3 d5 29. Rxd5 Rxd5 30. Nf6+ Bxf6 31. Rxe8+ Kg7 32. Re4 Bg5 0-1

[Event "American Cup Blitz 2026"]
[Site "Saint Louis USA"]
[Date "2026.03.02"]
[Round "3.9"]
[White "Pyrih, Roman"]
[Black "Hong, Andrew"]
[Result "0-1"]
[WhiteTitle "IM"]
[BlackTitle "GM"]
[WhiteElo "2403"]
[BlackElo "2587"]
[WhiteFideId "14179156"]
[BlackFideId "2099438"]
[EventDate "2026.03.02"]

1. Nc3 Nf6 2. e4 e5 3. Nf3 d6 4. d4 Nbd7 5. Rg1 c6 6. g4 g6 7. Be3 b5 8. a3 Qa5
9. b4 Qc7 10. d5 cxd5 11. Nxb5 Qb8 12. exd5 Nb6 13. c4 Nxg4 14. Bg5 Bg7 15. c5
dxc5 16. bxc5 O-O 17. h3 e4 18. hxg4 exf3 19. d6 Re8+ 20. Be3 Ba6 21. Rc1 Nd7
22. a4 Qd8 23. Nc7 Rxe3+ 24. fxe3 Qh4+ 25. Kd2 Qh2+ 26. Bg2 Rb8 27. Nxa6 Rb2+
28. Rc2 fxg2 29. Rxb2 Bxb2 30. Kc2 Qe5 31. c6 Qc3+ 32. Kb1 Qxc6 33. Nb4 Qe4+ 34.
Kxb2 Qxb4+ 35. Ka2 Qc4+ 36. Qb3 Qc6 37. Qb2 Qd5+ 38. Qb3 Qd2+ 39. Qb2 Qd5+ 40.
Ka1 Nc5 41. Qxg2 Qxd6 42. Qb2 Nxa4 43. Qd4 Qa3+ 44. Kb1 Nc3+ 45. Kc2 Ne2 46.
Qd8+ Kg7 47. Rd1 Qc3+ 0-1

[Event "American Cup Blitz 2026"]
[Site "Saint Louis USA"]
[Date "2026.03.02"]
[Round "3.10"]
[White "Lee, Alice"]
[Black "Hardaway, Brewington"]
[Result "0-1"]
[WhiteTitle "IM"]
[BlackTitle "GM"]
[WhiteElo "2399"]
[BlackElo "2544"]
[WhiteFideId "30941822"]
[BlackFideId "30941849"]
[EventDate "2026.03.02"]

1. a3 a6 2. h3 h6 3. b3 b6 4. Bb2 Bb7 5. c4 Nf6 6. Nf3 e6 7. e3 d5 8. Be2 Nbd7
9. O-O Bd6 10. Nc3 Qe7 11. Re1 O-O 12. Bf1 dxc4 13. bxc4 c5 14. d4 cxd4 15. exd4
Rfd8 16. d5 Nc5 17. Nd4 Qc7 18. dxe6 fxe6 19. Qe2 Bh2+ 20. Kh1 Rxd4 21. Nb5 axb5
22. Bxd4 Nfe4 23. cxb5 Be5 24. Rad1 Bxd4 25. Rxd4 Rf8 26. Kg1 Nxf2 27. Qe5 Qf7
28. Qg3 Nfe4 29. Qe3 Qf6 30. Bc4 Qg6 31. Re2 Ng5 32. Rg4 Qf6 33. Kh2 Kh8 34. a4
Nge4 35. Re1 Qe5+ 36. Kg1 Qd6 37. Ba2 Nf6 38. Rg6 Be4 39. Rg3 Bf5 40. Bb1 Nd5
41. Qa3 Bxb1 42. Rxb1 Nf4 43. Qb2 Ne2+ 44. Qxe2 Qxg3 45. a5 bxa5 46. b6 Qd6 47.
b7 Rb8 48. Qf3 Qd4+ 49. Kh2 Qe5+ 50. Kg1 Qd5 51. Qc3 Rxb7 52. Rd1 Qxd1+ 53. Qe1
Qxe1+ 0-1

[Event "American Cup Blitz 2026"]
[Site "Saint Louis USA"]
[Date "2026.03.02"]
[Round "3.11"]
[White "Oparin, Grigoriy"]
[Black "Kacharava, Nikolozi"]
[Result "1/2-1/2"]
[WhiteTitle "GM"]
[BlackTitle "GM"]
[WhiteElo "2658"]
[BlackElo "2501"]
[WhiteFideId "24125890"]
[BlackFideId "13611860"]
[EventDate "2026.03.02"]

1. e4 e5 2. d3 Nf6 3. f4 exf4 4. Bxf4 d6 5. Nc3 Nc6 6. Be2 Be7 7. Nf3 Bg4 8. h3
Nh5 9. Bh2 Bxf3 10. Bxf3 Bh4+ 11. Kf1 Ng3+ 12. Bxg3 Bxg3 13. Ne2 Qh4 14. d4 O-O
15. Qd3 Bf4 16. c3 Kh8 17. g3 Bxg3 18. Bg4 Qf6+ 19. Qf3 Qxf3+ 20. Bxf3 Bh4 21.
Kg2 g6 22. Rhf1 Kg7 23. Nf4 Ne7 24. Nd3 Rad8 25. b4 c6 26. a4 f5 27. Kh1 fxe4
28. Bxe4 d5 29. Bg2 Nf5 30. Rf3 Rde8 31. Ne5 Bg3 32. Nd3 Bd6 33. Re1 Rxe1+ 34.
Nxe1 Re8 35. Nd3 Re2 36. Kg1 Nh4 37. Rf2 Re3 38. Rd2 Rxh3 39. Bxh3 Nf3+ 40. Kg2
Nxd2 41. Bc8 b6 42. Nc1 c5 43. bxc5 bxc5 44. Bb7 Ne4 45. Ne2 cxd4 46. cxd4 Nf6
47. Nc3 Bb4 48. Nxd5 Nxd5 49. Bxd5 Bc3 50. Bc6 Bxd4 51. Kf3 Kf6 52. Kf4 h5 53.
Be8 Bb6 54. Ke4 Bc7 55. Kf3 Kf5 56. Bd7+ Kg5 57. Be8 Kh6 58. Ke4 Bb8 59. Bf7 Kg7
60. Be8 Bd6 61. Kf3 Kf6 62. Ke4 Bc7 63. Kf3 Kf5 64. Bd7+ Kg5 65. Be8 Ba5 66. Ke4
Bb4 67. Kf3 Bc3 68. Ke4 Bd2 69. Kf3 Be1 70. Ke4 Ba5 71. Kf3 Bb4 72. Ke4 Bc3 73.
Kf3 Bd2 74. Ke4 Be1 75. Kf3 Bh4 76. Ke4 Bg3 77. Kf3 Bc7 78. Ke4 Kf6 79. Kf3 a6
80. Ke4 a5 81. Kf3 h4 82. Kg4 g5 83. Bd7 Bf4 84. Bc8 Ke5 85. Kh3 Ke4 86. Bb7+
Ke3 87. Bc8 Kf3 88. Bg4+ Kf2 89. Bf5 Kf3 90. Bg4+ Kf2 91. Bf5 Kf3 92. Bg4+ Ke4 1/2-1/2

[Event "American Cup Blitz 2026"]
[Site "Saint Louis USA"]
[Date "2026.03.02"]
[Round "3.12"]
[White "Budisavljevic, Luka"]
[Black "Tari, Aryan"]
[Result "1/2-1/2"]
[WhiteTitle "GM"]
[BlackTitle "GM"]
[WhiteElo "2501"]
[BlackElo "2642"]
[WhiteFideId "960047"]
[BlackFideId "1510045"]
[EventDate "2026.03.02"]

1. d4 d5 2. Nf3 Nf6 3. e3 c5 4. dxc5 e6 5. b4 a5 6. c3 axb4 7. cxb4 b6 8. Bb5+
Bd7 9. Bxd7+ Nbxd7 10. a4 bxc5 11. b5 Bd6 12. Bb2 g5 13. Qe2 g4 14. Nfd2 Rg8 15.
e4 Bc7 16. exd5 Nxd5 17. g3 Qg5 18. Nc4 N7b6 19. Nxb6 Bxb6 20. Nd2 Ba5 21. Rd1
Bc3 22. b6 Bxb2 23. Qb5+ Kf8 24. Qxb2 Qg7 25. b7 Rb8 26. Rb1 Qxb2 27. Rxb2 Nb4
28. O-O Rxb7 29. Rc1 Ke7 30. Rxc5 Rgb8 31. Rc4 h5 32. h3 f5 33. hxg4 hxg4 34. f3
Nd5 35. Rxb7+ Rxb7 36. fxg4 Ne3 37. Rc5 Nxg4 38. Nc4 Rb1+ 39. Kg2 Rc1 40. Kf3
Rc3+ 41. Kf4 Kf6 42. Ne5 Rxc5 43. Nd7+ Ke7 44. Nxc5 Kd6 45. Nd3 Nf6 46. a5 1/2-1/2

[Event "American Cup Blitz 2026"]
[Site "Saint Louis USA"]
[Date "2026.03.02"]
[Round "3.13"]
[White "Celik, Hasan Huseyin"]
[Black "Durarbayli, Vasif"]
[Result "0-1"]
[WhiteTitle "IM"]
[BlackTitle "GM"]
[WhiteElo "2495"]
[BlackElo "2612"]
[WhiteFideId "44506759"]
[BlackFideId "13402935"]
[EventDate "2026.03.02"]

1. e4 c5 2. Nf3 d6 3. Bc4 g6 4. O-O Bg7 5. c3 Nf6 6. Re1 O-O 7. Bb3 b5 8. d4
cxd4 9. cxd4 Bb7 10. Nc3 b4 11. Nd5 Bxd5 12. Bxd5 Nxd5 13. exd5 Nd7 14. Bg5 Nf6
15. Qb3 a5 16. Rac1 Qd7 17. Rc6 h6 18. Bxf6 Bxf6 19. h3 Rfb8 20. Qd3 a4 21. Nd2
Ra5 22. Qc4 Qf5 23. Ne4 Bg7 24. Ng3 Qxd5 25. Rxe7 Bxd4 26. Ne4 Qxc4 27. Rxc4
Bxb2 28. Rcc7 b3 29. axb3 a3 30. Ra7 Ra8 31. Rad7 a2 32. Rxf7 a1=Q+ 33. Kh2 Rf5
34. Rfe7 Be5+ 35. g3 Qf1 0-1

[Event "American Cup Blitz 2026"]
[Site "Saint Louis USA"]
[Date "2026.03.02"]
[Round "3.14"]
[White "Cordova, Emilio"]
[Black "Putnam, Liam"]
[Result "1-0"]
[WhiteTitle "GM"]
[BlackTitle "IM"]
[WhiteElo "2494"]
[BlackElo "2485"]
[WhiteFideId "3801497"]
[BlackFideId "30938279"]
[EventDate "2026.03.02"]

1. d4 Nf6 2. Bg5 e6 3. e4 h6 4. Bxf6 Qxf6 5. Nc3 d6 6. Qd2 g6 7. f4 Bg7 8. Nf3
O-O 9. O-O-O a6 10. h4 b5 11. e5 Qe7 12. h5 Bb7 13. Bd3 b4 14. Ne4 gxh5 15. Rxh5
Nd7 16. Rdh1 Rfd8 17. f5 exf5 18. Ng3 Qe6 19. Rxh6 Qxa2 20. Qg5 f6 21. Qg6 1-0

[Event "American Cup Blitz 2026"]
[Site "Saint Louis USA"]
[Date "2026.03.02"]
[Round "3.15"]
[White "Boyer, Mahel"]
[Black "Bharath, Subramaniyam H"]
[Result "0-1"]
[WhiteTitle "GM"]
[BlackTitle "GM"]
[WhiteElo "2486"]
[BlackElo "2595"]
[WhiteFideId "45102422"]
[BlackFideId "46634827"]
[EventDate "2026.03.02"]

1. e4 c5 2. d3 Nc6 3. g3 d5 4. exd5 Qxd5 5. Nf3 e5 6. Bg2 Be6 7. O-O Qd7 8. Re1
f6 9. c3 O-O-O 10. d4 Kb8 11. Be3 cxd4 12. cxd4 exd4 13. Bf4+ Ka8 14. Na3 g5 15.
Nb5 gxf4 16. Rxe6 Bc5 17. Rc1 Kb8 18. Qb3 Na5 19. Qa4 Qxe6 20. Rxc5 Qb6 21. b4
Nc6 22. Rxc6 bxc6 23. Nbxd4 Rxd4 24. Nxd4 Qxd4 25. Qxc6 Qd1+ 26. Bf1 Ne7 27.
Qb5+ Kc7 28. Qc5+ Kd7 29. Qxa7+ Ke6 30. Kg2 f3+ 31. Kg1 Rc8 32. Qe3+ Kf7 33. Qe4
Kf8 34. Qe3 Rc1 35. Qh6+ Kg8 0-1

[Event "American Cup Blitz 2026"]
[Site "Saint Louis USA"]
[Date "2026.03.02"]
[Round "3.16"]
[White "Rosen, Eric"]
[Black "Kantor, Gergely"]
[Result "1-0"]
[WhiteTitle "IM"]
[BlackTitle "GM"]
[WhiteElo "2377"]
[BlackElo "2515"]
[WhiteFideId "2032562"]
[BlackFideId "751499"]
[EventDate "2026.03.02"]

1. d4 Nf6 2. Bf4 d5 3. Nf3 c5 4. e3 Nc6 5. Nbd2 e6 6. c3 cxd4 7. exd4 Nh5 8. Be3
Bd6 9. Bd3 Nf4 10. Bxf4 Bxf4 11. O-O O-O 12. Re1 Kh8 13. g3 Bh6 14. Nf1 f6 15.
Ne3 e5 16. Bf1 e4 17. Nh4 f5 18. Qh5 Ne7 19. f4 Bd7 20. Bh3 Be8 21. Qe2 Bd7 22.
Rf1 Be6 23. Rac1 Rc8 24. b3 Qd7 25. Qb2 g5 26. fxg5 Bxg5 27. Nhg2 Rg8 28. Nf4
Bxf4 29. Rxf4 Ng6 30. Rxf5 Ne7 31. Rxd5 Nxd5 32. Bxe6 Qxe6 33. c4 Nf6 34. d5 Qe7
35. Rf1 Rcf8 36. Nf5 Qc5+ 37. Kh1 Rg6 38. Nh4 Kg7 39. Nxg6 hxg6 40. g4 g5 41. h4
Qe3 42. hxg5 Qh3+ 43. Kg1 Qg3+ 44. Qg2 Qe3+ 45. Qf2 Qxg5 46. Qd4 Qxg4+ 47. Kf2
Qh4+ 48. Ke2 Kh7 49. d6 Qg4+ 50. Ke1 Qg3+ 51. Ke2 Qg4+ 52. Ke1 Qe6 53. c5 Rf7
54. b4 a6 55. a4 e3 56. Rf3 e2 57. Re3 Qd5 58. Qxd5 Nxd5 59. Rxe2 Nxb4 60. Re7
Kg7 61. Rc7 Nd5 62. d7 Nxc7 63. d8=Q Ne6 64. Qb6 Kf6 65. c6 bxc6 66. Qxc6 a5 67.
Qc3+ Kf5 68. Qxa5+ Kf6 69. Qc3+ Kf5 70. a5 Nf4 71. Qc5+ Kg4 72. Qc4 Re7+ 73. Kd2
Rd7+ 74. Kc2 Kf5 75. Qc8 Ke6 76. a6 Ke7 77. a7 1-0

[Event "American Cup Blitz 2026"]
[Site "Saint Louis USA"]
[Date "2026.03.02"]
[Round "3.17"]
[White "Kavutskiy, Kostya"]
[Black "Antova, Gabriela"]
[Result "1-0"]
[WhiteTitle "IM"]
[BlackTitle "FM"]
[WhiteElo "2330"]
[BlackElo "2168"]
[WhiteFideId "2026384"]
[BlackFideId "2915235"]
[EventDate "2026.03.02"]

1. Nf3 d5 2. g3 Nd7 3. d4 Nb6 4. Nbd2 Bf5 5. Nh4 Bg4 6. h3 Bh5 7. Ng2 e6 8. Nf4
Bg6 9. Nxg6 hxg6 10. Bg2 Nf6 11. c3 c5 12. e3 Bd6 13. a4 a5 14. Qe2 Qc7 15. Nb3
cxd4 16. exd4 Nc4 17. Nd2 Rc8 18. Nxc4 dxc4 19. O-O O-O 20. Qf3 Nd5 21. h4 Rfe8
22. Bd2 Rcd8 23. h5 gxh5 24. Qxh5 g6 25. Qg4 Bf8 26. Bf3 Nf6 27. Qf4 Qxf4 28.
Bxf4 Nd5 29. Bxd5 Rxd5 30. Rfe1 Bd6 31. Bxd6 Rxd6 32. Re5 b6 33. Rae1 Red8 34.
Rb5 Kf8 35. Kg2 Ke7 36. Rh1 Kd7 37. Rh7 Rf8 38. Rg5 Kc6 39. Kf3 Rd5 40. Kf4 Rxg5
41. Kxg5 b5 1-0

[Event "American Cup Blitz 2026"]
[Site "Saint Louis USA"]
[Date "2026.03.02"]
[Round "3.18"]
[White "Dudin, Gleb"]
[Black "Kuru, Atilla"]
[Result "0-1"]
[WhiteTitle "GM"]
[BlackTitle "IM"]
[WhiteElo "2596"]
[BlackElo "2450"]
[WhiteFideId "34184934"]
[BlackFideId "51607948"]
[EventDate "2026.03.02"]

1. e4 c5 2. c3 e6 3. d4 d5 4. exd5 exd5 5. Nf3 Nf6 6. Bd3 Bd6 7. O-O O-O 8. Re1
Bg4 9. dxc5 Bxc5 10. h3 Bh5 11. Nbd2 Nc6 12. Nb3 Bb6 13. Be3 Bc7 14. Nbd4 a6 15.
Be2 Re8 16. Nd2 Rxe3 17. fxe3 Bg6 18. Bf3 Qd6 19. Nf1 Ne5 20. Qd2 Re8 21. Rad1
h5 22. Qf2 Nd3 23. Qh4 Nxe1 24. Rxe1 Ne4 25. Bxe4 Rxe4 26. Qf2 b5 27. a3 Re8 28.
Rd1 Qe5 29. Nc6 Qe6 30. Nd4 Qd6 31. Ne2 Be4 32. Neg3 Qg6 33. Nxe4 dxe4 34. Rd5
Be5 35. Qd2 Qf6 36. Rd7 h4 37. Qd5 Qf5 38. Nd2 Kf8 39. Nxe4 Qg6 40. Nd2 Kg8 41.
Nf3 Bg3 42. Qd3 Qb6 43. Rd4 Qe6 44. e4 Qa2 45. Qc2 Qe6 46. Qd3 Qf6 47. Qe3 Bf4
48. Qd3 Bg3 49. Rd5 Qf4 50. Rd4 Qc1+ 51. Qf1 Qxb2 52. Ng5 f6 53. Rd7 Qxc3 54.
Nf3 0-1

[Event "American Cup Blitz 2026"]
[Site "Saint Louis USA"]
[Date "2026.03.02"]
[Round "3.19"]
[White "Munkhdalai, Amilal"]
[Black "Warmerdam, Max"]
[Result "1/2-1/2"]
[WhiteTitle "IM"]
[BlackTitle "GM"]
[WhiteElo "2455"]
[BlackElo "2580"]
[WhiteFideId "4903250"]
[BlackFideId "1048104"]
[EventDate "2026.03.02"]

1. e4 c5 2. Nf3 d6 3. Bb5+ Bd7 4. Bxd7+ Nxd7 5. O-O e6 6. d4 cxd4 7. Nxd4 Ngf6
8. Qe2 Rc8 9. c4 a6 10. Bd2 Qb6 11. Nb3 Qc6 12. Nc3 Qxc4 13. Qe3 Be7 14. Rfc1
O-O 15. Na5 Qc5 16. Nxb7 Qxe3 17. Bxe3 Rb8 18. Na5 Rxb2 19. Nc6 Re8 20. Nxe7+
Rxe7 21. Rab1 Rxb1 22. Rxb1 Re8 23. f3 Rc8 24. Bd2 h6 25. Rb7 Rc6 26. Kf2 Ne5
27. Ke2 g5 28. a4 Kg7 29. Be1 g4 30. f4 Ned7 31. Ke3 e5 32. f5 Rc4 33. Kd3 Rd4+
34. Kc2 Nc5 35. Rb6 Nxa4 36. Rxa6 Nxc3 37. Bxc3 Rxe4 38. Rxd6 h5 39. Kd3 Rf4 40.
Bxe5 Rxf5 41. Kd4 h4 42. g3 h3 43. Rc6 Kg6 44. Rd6 Kg5 45. Bf4+ Kh5 46. Be5 Nh7
47. Bf4 Rxf4+ 48. gxf4 g3 49. Ke3 gxh2 50. Rd1 Nf6 51. Kf3 Kh4 52. Rh1 Ng4 53.
Rf1 f6 54. Rh1 f5 55. Rf1 Nf6 56. Rh1 Ng4 57. Rf1 Kh5 58. Kg3 Kg6 59. Re1 Kf6
60. Kf3 Kf7 61. Kg3 Kf8 62. Kf3 Kg7 63. Kg3 Kf6 64. Kf3 Kf7 65. Kg3 Kg7 66. Kf3
Kg6 67. Kg3 Kh5 68. Rh1 Kh6 69. Re1 Kg7 70. Rh1 Kf8 71. Re1 Kf7 72. Kf3 Nf6 73.
Kg3 Ng4 74. Kf3 1/2-1/2